000 00433nam a2200181Ia 4500
005 20250603144932.0
008 250603s9999 xx 000 0 und d
020 _a9780132171540
050 _aHF 1008 .M372/
100 _aThill, John V.
245 0 _aExcellencen in business communication
260 _aNew Jersey
260 _bCourtland L.Bovee
260 _c2011
300 _a672 p
650 _aNew Jersey
942 _cBK
999 _c40385
_d40385